000 00536nam a2200229Ia 4500
001 838
003 GE_BSU
008 181216s||||||||xx |||||||||||||| ||und||
020 _a5845900999
040 _cGE_BSU
080 _a336
100 _aБоди,Эви; Мертон,Роберт;
245 _aФинансы.
245 _cПер.с.Англ.
260 _aМосква
260 _bИзд. дом ,,Вильямс",
260 _c2003
300 _a592с.
541 _h25л.
653 _aФинансы
942 _cBK
999 _c35000
_d35000